[Event "Vilnius zt playoff"]
[Site "Vilnius"]
[Date "1993.??.??"]
[Round "?"]
[White "Oll, Lembit"]
[Black "Malisauskas, Vidmantas"]
[Result "1/2-1/2"]
[WhiteElo "2585"]
[BlackElo "2570"]
[Annotator "Belov"]
[PlyCount "79"]
[EventDate "1993.03.??"]
[EventType "match"]
[EventRounds "2"]
[EventCountry "LTU"]
[Source "ChessBase"]
[SourceDate "1993.08.01"]

1. d4 Nf6 2. c4 g6 3. Nc3 d5 4. Nf3 Bg7 5. cxd5 Nxd5 6. e4 Nxc3 7. bxc3 c5 8.
Be3 (8. Rb1 $5) 8... Qa5 9. Qd2 O-O (9... Nc6 $5 10. Rc1 (10. Rb1 $5) 10...
cxd4 11. cxd4 Qxd2+ 12. Kxd2 O-O 13. d5 Rd8 14. Ke1 $1 Na5 (14... Nb4 15. Bd2
$1 $16) (14... Ne5 15. Nxe5 Bxe5 16. Bc4 $14) 15. Bg5 $1 Bf6 (15... Bd7 $5 16.
Bd3 Rdc8 17. Ke2 $132) 16. Bd2 $14 {Kasparov-Romanishin/SSSR/1981/}) 10. Rc1
cxd4 (10... e6 11. Bh6 $1 Nc6 12. h4 cxd4 13. Bxg7 Kxg7 14. cxd4 Qxd2+ 15. Kxd2
Rd8 16. Ke3 $14 {Karpov-Kasparov/WM/1990/}) 11. cxd4 Qxd2+ 12. Nxd2 Rd8 (12...
e6 13. Nb3 $1 (13. Bb5 $6 Bd7 $1 14. Bxd7 Nxd7 15. Ke2 Rfc8 $10 {
Huebner-Adorjan/Bad Lauternberg/1980/}) 13... Rd8 (13... Bd7 14. Bd3 $14) (
13... b6 14. Bb5 Bb7 15. f3 Rc8 16. Rxc8+ Bxc8 17. Kf2 $14) 14. Bg5 $1 f6 15.
Be3 f5 16. exf5 gxf5 17. Bb5 $14 {Karpov-Huebner/Tilburg/1980/}) (12... Nc6 $5
13. Nb3 (13. d5 Nb4 14. Bc4 Bb2 $1 15. Rb1 Nc2+ 16. Ke2 Nxe3 17. Rxb2 $1 Nxg2
$1 18. Rc1 g5 19. Bb3 Nf4+ 20. Ke3 Bh3 $15 {Portisch-Adorjan/Hungary/1981/})
13... Rd8 14. d5 Nb4 15. Bd2 $1 (15. a3 Na2 16. Rc2 Nc3 17. Bd3 Bd7 $1 18. Nc5
Bb5 19. Kd2 (19. Bxb5 Nxb5 20. Nxb7 Nxa3 $1 21. Ra2 Rdb8 22. Rxa3 Rxb7 23. O-O
a5 $15) 19... Bxd3 20. Kxd3 b6 21. Na6 Na4 $132 {
Ftacnik-Pribyl/Hradec Kralove/1981/}) 15... Na6 (15... a5 16. a3 Bb2 17. axb4
Bxc1 18. Bxc1 $16) 16. Bxa6 bxa6 17. Ba5 Re8 18. O-O f5 $1 19. f3 fxe4 20. fxe4
Bd7 {Vyzmanavin-Krasenkov/Cappelle la Grande/1992/}) 13. d5 $1 $146 (13. Nb3
Nc6) 13... e6 14. Bc4 exd5 15. Bxd5 Nc6 16. Bg5 (16. Bxc6 bxc6 17. Rxc6 Be6 $44
) 16... Re8 17. O-O Be6 18. Rb1 $1 h6 19. Be3 Bxd5 (19... Rad8 $5 20. Bxe6 Rxe6
21. Rxb7 Nd4 $44) 20. exd5 Nd4 21. Rxb7 Red8 22. Ne4 Rxd5 23. Bxh6 $16 Rad8 24.
Bg5 (24. Bxg7 $5 Ne2+ 25. Kh1 Rd1 26. Rb1 Rxf1+ 27. Rxf1 Kxg7 28. g3 Rd4 29.
Ng5 Ra4 30. Rb1 $14) 24... Ne2+ 25. Kh1 Rd1 26. Rb1 Rxf1+ 27. Rxf1 Rd4 28. Nf6+
Bxf6 (28... Kf8 29. g3 {/\ Rb1+/-}) 29. Bxf6 Rf4 30. Be7 (30. Bg5 $5 Rf5 (30...
Ra4 31. Rb1 Rxa2 32. Bf6 $18) 31. Be3 Ra5 32. Ra1) 30... f5 31. g3 Rc4 $1 $10
32. Kg2 Rc2 33. a3 Nc3 34. h3 Ne4 35. Bb4 Ra2 36. g4 Kf7 37. gxf5 gxf5 38. h4
Kg6 39. Be7 a5 40. Bf8 (40. Bf8 Kf7) 1/2-1/2

[Event "Rostov on Don"]
[Site "Rostov on Don"]
[Date "1993.??.??"]
[Round "?"]
[White "Lputian, Smbat"]
[Black "Oll, Lembit"]
[Result "1/2-1/2"]
[WhiteElo "2610"]
[BlackElo "2585"]
[PlyCount "30"]
[EventDate "1993.05.??"]
[EventType "tourn"]
[EventRounds "11"]
[EventCountry "RUS"]
[EventCategory "14"]
[Source "ChessBase"]
[SourceDate "1993.10.01"]

1. d4 f5 2. c4 Nf6 3. Nc3 e6 4. Nf3 d5 5. Bg5 Be7 6. e3 c6 7. Bd3 O-O 8. O-O
Nbd7 9. cxd5 cxd5 10. Rc1 a6 11. Na4 Ne4 12. Bxe7 Qxe7 13. Ne5 Nxe5 14. dxe5 b5
15. Bxe4 fxe4 1/2-1/2

[Event "Rostov on Don"]
[Site "Rostov on Don"]
[Date "1993.??.??"]
[Round "?"]
[White "Oll, Lembit"]
[Black "Dolmatov, Sergey"]
[Result "1/2-1/2"]
[WhiteElo "2585"]
[BlackElo "2615"]
[Annotator "Belov"]
[PlyCount "77"]
[EventDate "1993.05.??"]
[EventType "tourn"]
[EventRounds "11"]
[EventCountry "RUS"]
[EventCategory "14"]
[Source "ChessBase"]
[SourceDate "1993.10.01"]

1. d4 Nf6 2. c4 g6 3. Nc3 Bg7 4. e4 d6 5. Nf3 O-O 6. Be2 e5 7. O-O Nc6 8. d5
Ne7 9. Bg5 Nh5 10. Ne1 Nf4 (10... f6 11. Bxh5 fxg5 12. Bg4 h5 13. Bxc8 Qxc8 14.
Nd3 Bh6 15. c5 g4 16. a4 $1 a6 17. a5 Rf7 18. Na4 Qd8 19. Ra3 $16 {
Belov,I-Mrva,M BRD 1993/}) 11. Nd3 Nxe2+ 12. Qxe2 h6 13. Bd2 g5 (13... f5 $6
14. f4 fxe4 15. Nxe4 Nf5 16. fxe5 dxe5 17. Bc3 Nd4 18. Bxd4 exd4 19. Nf4 $16 {
Ginsburg,M-McMichael,R London 1991/}) (13... c6 14. Rac1 f5 15. f3 cxd5 16.
cxd5 g5 17. Nb5 Bd7 18. Nf2 Qb6 19. a4 $14 {
Ftacnik,L-Wojtkiewicz,A Budapest 1993/}) 14. g4 $5 $146 (14. h4 $2 g4 15. f4
gxf3 16. Qxf3 f5 $1 $15 {Oll,L-Shirov,A Tilburg 1992 Inf 56/695/} 17. Qh5 $2 f4
{/\Rf6-g6-/+ Shirov/}) 14... Ng6 15. f3 (15. Rac1 $14 Nf4 16. Bxf4 exf4 17. f3
{/\b4,c5 Shirov/}) 15... Nf4 16. Nxf4 exf4 17. Nd1 c6 $1 18. Bc3 cxd5 19. Bxg7
Kxg7 20. cxd5 Bd7 21. Nf2 (21. Nc3 $5 {/\Qd2,Rfc1,Nc3-e2-d4/}) 21... Rc8 22.
Qd2 Qb6 23. Rfe1 $6 (23. Rfc1 $5 Qe3 $6 24. Qxe3 fxe3 25. Nd1 Rxc1 26. Rxc1 Rc8
27. Rb1 $1 $16 (27. Rxc8 $4 e2 $19)) 23... Rc5 24. Kg2 Rfc8 25. Rac1 Rxc1 (
25... Bb5 $5) 26. Rxc1 Rxc1 27. Qxc1 Qd4 28. Qc3 $1 (28. Qc7 $6 Bb5 29. Qxb7
Qc4 $19) 28... Qxc3 29. bxc3 Bb5 30. Nd1 Kf6 (30... h5 $5 31. gxh5 (31. h3 $6
h4 $1) 31... Kh6) 31. Nb2 Ba6 $10 32. Kf2 Ke7 33. Ke1 Kd7 34. Kd2 Kc7 35. a4 b6
36. c4 Bc8 37. Nd1 Bd7 38. Nc3 f6 39. Nb5+ 1/2-1/2

[Event "Rostov on Don"]
[Site "Rostov on Don"]
[Date "1993.??.??"]
[Round "?"]
[White "Oll, Lembit"]
[Black "Smirin, Ilia"]
[Result "0-1"]
[WhiteElo "2585"]
[BlackElo "2590"]
[PlyCount "68"]
[EventDate "1993.05.??"]
[EventType "tourn"]
[EventRounds "11"]
[EventCountry "RUS"]
[EventCategory "14"]
[Source "ChessBase"]
[SourceDate "1993.10.01"]

1. d4 Nf6 2. c4 g6 3. Nc3 Bg7 4. e4 d6 5. Nf3 O-O 6. Be2 e5 7. O-O Nc6 8. Be3
Re8 9. dxe5 dxe5 10. c5 Bg4 11. Bb5 Qc8 12. h3 Bh5 13. Bxc6 bxc6 14. Bg5 Rb8
15. Rb1 Bxf3 16. Qxf3 Nd7 17. b4 a5 18. b5 Nxc5 19. bxc6 Ne6 20. Qe3 f6 21. Bh6
Rxb1 22. Rxb1 Qa6 23. Nd5 Qxc6 24. Rc1 Qb7 25. Bxg7 Kxg7 26. Qf3 Rf8 27. Qg4 f5
28. Qg3 Qb2 29. Rc4 c5 30. Ra4 f4 31. Qg4 Nd4 32. Rxa5 Rf7 33. Rxc5 Qa1+ 34.
Kh2 h5 0-1

[Event "Rostov on Don"]
[Site "Rostov on Don"]
[Date "1993.??.??"]
[Round "?"]
[White "Oll, Lembit"]
[Black "Vaganian, Rafael"]
[Result "1-0"]
[WhiteElo "2585"]
[BlackElo "2615"]
[Annotator "Ribli"]
[PlyCount "59"]
[EventDate "1993.05.??"]
[EventType "tourn"]
[EventRounds "11"]
[EventCountry "RUS"]
[EventCategory "14"]
[Source "ChessBase"]
[SourceDate "1993.10.01"]

1. d4 Nf6 2. c4 d6 3. Nc3 Nbd7 4. e4 e5 5. Nf3 Be7 6. Be2 O-O 7. O-O c6 8. Re1
Qc7 9. Bf1 a6 (9... Re8 {
Michelakis,G-Stefansson,H/WchJ-Buenos Aires/1992/EXP32/}) 10. Nh4 $5 (10. a3 {
Illescas Cordoba,M-Hoffman,A/Spain/1992/55,81/}) (10. Bg5 {
Van der Wiel,J-Miles,A/Wijk/1989/CBM11/}) 10... Re8 (10... g6 11. Bh6 Re8 12.
Rc1 $14) 11. Nf5 Bf8 12. Be3 b5 13. a3 bxc4 (13... Bb7 14. Rc1 $14) 14. Bxc4 d5
15. Ba2 $1 (15. exd5 Nb6 16. d6 Bxd6 (16... Qb7 $5) 17. Nxd6 Qxd6 18. dxe5 Qxd1
19. Raxd1 Nxc4 20. exf6 $13) 15... dxe4 (15... Nb6 16. dxe5 $18) 16. d5 $1 Nb6
17. d6 Qb7 18. Ng3 Nbd5 19. Ngxe4 Nxe4 20. Nxe4 Bf5 21. Nc5 Qxb2 22. Bxd5 cxd5
23. Qxd5 $16 Qb5 (23... Red8 24. Bg5 $18) 24. a4 Qa5 25. Qf3 $1 $18 g6 (25...
Bxd6 26. Nb7 $18) 26. g4 Be6 (26... Bxd6 27. Nb7 $18) 27. Nxe6 e4 (27... fxe6
28. d7 Red8 29. Red1 $18) 28. Qxe4 Bxd6 29. Qc6 Bb4 30. Bb6 1-0

[Event "Rostov on Don"]
[Site "Rostov on Don"]
[Date "1993.??.??"]
[Round "?"]
[White "Psakhis, Lev"]
[Black "Oll, Lembit"]
[Result "1/2-1/2"]
[WhiteElo "2575"]
[BlackElo "2585"]
[PlyCount "21"]
[EventDate "1993.05.??"]
[EventType "tourn"]
[EventRounds "11"]
[EventCountry "RUS"]
[EventCategory "14"]
[Source "ChessBase"]
[SourceDate "1993.10.01"]

1. c4 c6 2. d4 d5 3. Nf3 Nf6 4. Qc2 g6 5. Bf4 Bf5 6. Qb3 Qb6 7. c5 Qxb3 8. axb3
Bg7 9. Nc3 O-O 10. h3 Nfd7 11. e3 1/2-1/2

[Event "Rostov on Don"]
[Site "Rostov on Don"]
[Date "1993.??.??"]
[Round "?"]
[White "Smyslov, Vassily"]
[Black "Oll, Lembit"]
[Result "1-0"]
[WhiteElo "2530"]
[BlackElo "2585"]
[Annotator "Schussler"]
[PlyCount "61"]
[EventDate "1993.05.??"]
[EventType "tourn"]
[EventRounds "11"]
[EventCountry "RUS"]
[EventCategory "14"]
[Source "ChessBase"]
[SourceDate "1993.10.01"]

1. d4 f5 2. g3 Nf6 3. Bg2 g6 4. Nh3 Bg7 5. Nf4 (5. c3 O-O 6. Qb3+ d5 7. Nf4 e6
8. Nd2 c5 $5 9. dxc5 Na6 10. c4 Nxc5 11. Qa3 {+/=/= Sieglen,J-Glek,I, Bonn 1993
}) 5... c6 (5... Nc6 6. h4 Ng4 $5 {6. - d6} 7. d5 Nce5 8. Nc3 Nf7 $6 (8... c6
9. O-O $13 (9. d6 e6 $13)) 9. e4 $14 e5 10. dxe6 dxe6 11. Qxd8+ Kxd8 12. O-O c6
13. exf5 gxf5 14. Nh5 $1 Be5 15. Bf4 $16 {
Malaniuk,V-Borge,N, Espergarde PC 1992}) 6. h4 (6. d5 e5 7. dxe6 dxe6 8. Qxd8+
Kxd8 9. Nd3 {+/=/=}) 6... d6 7. Nc3 e5 8. dxe5 dxe5 9. Qxd8+ Kxd8 10. Nd3 Nbd7
$6 {10. - e4!} 11. e4 $1 $14 Re8 12. Bg5 h6 13. Bd2 Nb6 14. O-O-O Kc7 15. b3
fxe4 16. Nxe4 Nxe4 17. Bxe4 Bf5 18. Rde1 Rad8 19. Bc3 Nd7 20. Re2 Re7 21. h5 $1
$16 Bxe4 22. Rxe4 gxh5 23. Rxh5 Rde8 24. Rh1 Bf6 25. Kd1 Bg5 26. Ke2 Kd6 27.
Rd1 Ke6 $2 28. f4 $1 Kf5 $6 29. g4+ $1 Kxe4 30. Nf2+ Kxf4 31. Rg1 $1 {
/\ 32.Bd2. 32. - e4 33.Nh3 mate.} 1-0

[Event "Politiken Cup 15th"]
[Site "Copenhagen"]
[Date "1993.??.??"]
[Round "1"]
[White "Oll, Lembit"]
[Black "Nilsson, Nils Specht"]
[Result "1-0"]
[WhiteElo "2585"]
[BlackElo "2235"]
[PlyCount "77"]
[EventDate "1993.06.??"]
[EventType "swiss"]
[EventRounds "10"]
[EventCountry "DEN"]
[Source "ChessBase"]
[SourceDate "1998.11.10"]

1. c4 e5 2. Nc3 Nc6 3. Nf3 Nf6 4. d4 exd4 5. Nxd4 Bb4 6. Bg5 h6 7. Bh4 O-O 8.
Rc1 Ne5 9. e3 Ng6 10. Bxf6 Qxf6 11. Be2 b6 12. Bf3 Rb8 13. O-O Bxc3 14. Rxc3
Ne5 15. Be2 a6 16. e4 Nc6 17. Nf5 d6 18. Ne3 Nd4 19. Nd5 Qe5 20. Nxc7 Qxe4 21.
Bd3 Qh4 22. Re1 Bb7 23. Be4 Ne6 24. Bxb7 Nxc7 25. Bc6 Rbd8 26. g3 Qf6 27. h4 b5
28. cxb5 Nxb5 29. Bxb5 axb5 30. Qd5 b4 31. Rf3 Qxb2 32. Re7 Kh8 33. Kg2 f6 34.
Rf4 Ra8 35. Rg4 Rxa2 36. Rgxg7 Qxf2+ 37. Kh3 Qf1+ 38. Kg4 Qb1 39. Qxa2 1-0

[Event "Politiken Cup 15th"]
[Site "Copenhagen"]
[Date "1993.??.??"]
[Round "2"]
[White "Fries Nielsen, Jens Ove"]
[Black "Oll, Lembit"]
[Result "0-1"]
[WhiteElo "2400"]
[BlackElo "2585"]
[PlyCount "100"]
[EventDate "1993.06.??"]
[EventType "swiss"]
[EventRounds "10"]
[EventCountry "DEN"]
[Source "ChessBase"]
[SourceDate "1998.11.10"]

1. d4 d5 2. Nf3 Nf6 3. c4 c6 4. Nc3 dxc4 5. e3 b5 6. a4 b4 7. Nb1 e6 8. Bxc4
Be7 9. O-O O-O 10. Nbd2 Bb7 11. Nb3 a5 12. Qe2 Nbd7 13. Rd1 Qb6 14. Bd2 Rfc8
15. Rac1 c5 16. dxc5 Bxc5 17. Bb5 Bd5 18. Bc4 Bc6 19. Ra1 Qb7 20. Rdc1 Ne4 21.
Be1 Nd6 22. Bd3 Bd5 23. Nbd2 Nf6 24. Nc4 Nde4 25. Qf1 Bf8 26. Nd4 Nc5 27. Be2
Nfd7 28. Nd2 Nb6 29. Bb5 e5 30. N4f3 Qe7 31. Qe2 Qf6 32. e4 Bb7 33. Qe3 h6 34.
h3 Rc7 35. Nb3 Qf4 36. Qxf4 exf4 37. Nxc5 Bxc5 38. Bd2 g5 39. e5 Rac8 40. Re1
Bxf3 41. gxf3 Bd4 42. e6 Bxb2 43. Rab1 Bf6 44. Kg2 Nc4 45. Bc1 fxe6 46. Rxe6
Kf7 47. Re2 Nd6 48. Bb2 Rc2 49. Rxc2 Rxc2 50. Bxf6 Kxf6 0-1

[Event "Politiken Cup 15th"]
[Site "Copenhagen"]
[Date "1993.??.??"]
[Round "3"]
[White "Oll, Lembit"]
[Black "Emms, John M"]
[Result "1/2-1/2"]
[WhiteElo "2585"]
[BlackElo "2450"]
[PlyCount "79"]
[EventDate "1993.06.??"]
[EventType "swiss"]
[EventRounds "10"]
[EventCountry "DEN"]
[Source "ChessBase"]
[SourceDate "1998.11.10"]

1. c4 c5 2. Nf3 Nc6 3. Nc3 Nf6 4. d4 cxd4 5. Nxd4 e6 6. Ndb5 d5 7. Bf4 e5 8.
cxd5 exf4 9. dxc6 bxc6 10. Qxd8+ Kxd8 11. Nd4 Bd7 12. g3 fxg3 13. hxg3 Bb4 14.
Bg2 Bxc3+ 15. bxc3 Kc7 16. Rb1 Rab8 17. O-O Rb6 18. Rb4 Rc8 19. Rc4 Ne8 20. Rd1
Nd6 21. Ra4 a6 22. Nb3 Nb7 23. e3 Ra8 24. Rf4 f6 25. Rfd4 Rd8 26. Bf1 Bc8 27.
Re1 Be6 28. c4 a5 29. Rh4 h6 30. Nd4 Bc8 31. Bg2 Bd7 32. Re4 c5 33. Ne2 Bc6 34.
Re7+ Rd7 35. Rxd7+ Kxd7 36. Rd1+ Nd6 37. Bh3+ Kc7 38. Nf4 Bf3 39. Ne6+ Kc6 40.
Nd8+ 1/2-1/2

[Event "Politiken Cup 15th"]
[Site "Copenhagen"]
[Date "1993.??.??"]
[Round "4"]
[White "Nielsen, Peter Heine"]
[Black "Oll, Lembit"]
[Result "1/2-1/2"]
[WhiteElo "2440"]
[BlackElo "2585"]
[PlyCount "34"]
[EventDate "1993.06.??"]
[EventType "swiss"]
[EventRounds "10"]
[EventCountry "DEN"]
[Source "ChessBase"]
[SourceDate "1998.11.10"]

1. e4 c5 2. Nf3 d6 3. d4 Nf6 4. Nc3 cxd4 5. Nxd4 a6 6. Be2 e6 7. O-O Be7 8. f4
Qc7 9. Kh1 O-O 10. a4 Rd8 11. Qe1 b6 12. Qg3 Bb7 13. f5 e5 14. Bh6 Bf8 15. Bg5
Be7 16. Bh6 Bf8 17. Bg5 Be7 1/2-1/2

[Event "Politiken Cup 15th"]
[Site "Copenhagen"]
[Date "1993.??.??"]
[Round "7"]
[White "Oll, Lembit"]
[Black "Smagin, Sergey"]
[Result "0-1"]
[WhiteElo "2585"]
[BlackElo "2520"]
[PlyCount "88"]
[EventDate "1993.06.??"]
[EventType "swiss"]
[EventRounds "10"]
[EventCountry "DEN"]
[Source "ChessBase"]
[SourceDate "1998.11.10"]

1. d4 d5 2. c4 e6 3. Nc3 Nf6 4. Nf3 Nbd7 5. Bg5 c6 6. e3 Qa5 7. cxd5 Nxd5 8.
Qd2 Bb4 9. Rc1 O-O 10. Bd3 h6 11. Bh4 e5 12. O-O exd4 13. exd4 Re8 14. Bb1 Nf8
15. Ne5 Be6 16. Rfe1 c5 17. Nc4 Qa6 18. Ne3 Nxe3 19. fxe3 Bxa2 20. Bxa2 Qxa2
21. d5 Qc4 22. Bf2 Nd7 23. e4 Rad8 24. Qd1 a5 25. h3 Qa6 26. Bh4 Rc8 27. Bg3
Qg6 28. Kh2 Bxc3 29. Rxc3 Rxe4 30. Rxe4 Qxe4 31. d6 Re8 32. Rf3 Qc6 33. Qf1 Ne5
34. Rf5 Qxd6 35. Rxf7 Qa6 36. Qxa6 bxa6 37. Ra7 Nd3 38. Rxa6 Nxb2 39. Rxa5 Nd3
40. Ra7 Rc8 41. Rd7 c4 42. Rd4 g5 43. Bd6 Rd8 44. g3 Rd7 0-1

[Event "Politiken Cup 15th"]
[Site "Copenhagen"]
[Date "1993.??.??"]
[Round "8"]
[White "Schandorff, Lars"]
[Black "Oll, Lembit"]
[Result "1/2-1/2"]
[WhiteElo "2420"]
[BlackElo "2585"]
[PlyCount "68"]
[EventDate "1993.06.??"]
[EventType "swiss"]
[EventRounds "10"]
[EventCountry "DEN"]
[Source "ChessBase"]
[SourceDate "1998.11.10"]

1. e4 c5 2. Nf3 d6 3. d4 Nf6 4. Nc3 cxd4 5. Nxd4 Nc6 6. Bc4 Qb6 7. Nb3 e6 8.
O-O Be7 9. Be3 Qc7 10. f4 O-O 11. Bd3 b6 12. Qf3 Bb7 13. a3 Rad8 14. Qh3 Qc8
15. Nd4 Nxd4 16. Bxd4 Nd7 17. Rae1 Nc5 18. Qg3 f6 19. f5 Nxd3 20. cxd3 d5 21.
e5 Bc5 22. Bxc5 Qxc5+ 23. Kh1 exf5 24. Rxf5 fxe5 25. Rfxe5 Bc6 26. h3 Qf2 27.
Qxf2 Rxf2 28. R1e2 Rf1+ 29. Kh2 d4 30. Ne4 h6 31. Re7 Bb5 32. Nf2 Rf8 33. Kg3
a6 34. R7e6 Rd8 1/2-1/2

[Event "Politiken Cup 15th"]
[Site "Copenhagen"]
[Date "1993.??.??"]
[Round "10"]
[White "Rytshagov, Mikhail"]
[Black "Oll, Lembit"]
[Result "1/2-1/2"]
[WhiteElo "2435"]
[BlackElo "2585"]
[PlyCount "32"]
[EventDate "1993.06.??"]
[EventType "swiss"]
[EventRounds "10"]
[EventCountry "DEN"]
[Source "ChessBase"]
[SourceDate "1998.11.10"]

1. e4 c5 2. Nf3 e6 3. d4 cxd4 4. Nxd4 a6 5. Nc3 Qc7 6. Bd3 Nf6 7. Qe2 d6 8. Bd2
Nbd7 9. O-O Be7 10. a4 Nc5 11. a5 O-O 12. Rfc1 b5 13. axb6 Qxb6 14. Na4 Nxa4
15. Rxa4 Bd7 16. Rb4 Qd8 1/2-1/2

[Event "Biel Interzonal"]
[Site "Biel"]
[Date "1993.??.??"]
[Round "1"]
[White "Zarnicki, Pablo"]
[Black "Oll, Lembit"]
[Result "0-1"]
[WhiteElo "2455"]
[BlackElo "2595"]
[Annotator "Ribli"]
[PlyCount "62"]
[EventDate "1993.07.??"]
[EventType "swiss"]
[EventRounds "13"]
[EventCountry "SUI"]
[Source "ChessBase"]
[SourceDate "1993.12.01"]

1. e4 c5 2. Nf3 e6 3. d4 cxd4 4. Nxd4 a6 5. Nc3 Qc7 6. Bd3 Nf6 7. O-O b5 8. a3
Bb7 9. Be3 d6 10. f4 Be7 11. Qf3 Nbd7 12. Rae1 Nc5 (12... O-O 13. g4 $1) 13. f5
$5 (13. g4 d5 14. e5 Nfd7 $15) (13. Kh1 O-O 14. Bg1 Rad8 $10) (13. Nb3) 13...
e5 14. Nb3 O-O 15. Nxc5 (15. g4 d5 16. Nxc5 Bxc5 17. exd5 (17. Nxd5 $2 Bxd5 18.
exd5 e4 $1) 17... Bxe3+ $1 18. Qxe3 (18. Rxe3 $2 Qb6 $1 $17) 18... Nxg4 19. Qg3
Nf6 $10) 15... dxc5 16. Nd5 Bxd5 17. exd5 c4 18. Be4 Rab8 19. g4 h6 20. Bc1 (
20. g5 hxg5 (20... Nxe4 21. gxh6 $40) 21. Bxg5 Rb6 $15) (20. c3 $5) 20... b4
21. axb4 (21. a4 $1) 21... Rxb4 22. c3 Rb5 $15 23. Rd1 Rd8 24. Kh1 Qd6 25. Rf2
$2 (25. Bb1 $15) 25... Nxe4 26. Qxe4 Rxd5 27. Rfd2 Rxd2 28. Rxd2 Qb6 $1 $19 29.
Qxc4 Rxd2 30. Bxd2 Qf2 31. f6 Bc5 0-1

[Event "Biel Interzonal"]
[Site "Biel"]
[Date "1993.??.??"]
[Round "4"]
[White "Oll, Lembit"]
[Black "Anand, Viswanathan"]
[Result "0-1"]
[WhiteElo "2595"]
[BlackElo "2725"]
[Annotator "Ftacnik,L"]
[PlyCount "48"]
[EventDate "1993.07.??"]
[EventType "swiss"]
[EventRounds "13"]
[EventCountry "SUI"]
[Source "ChessBase"]
[SourceDate "1993.12.01"]

1. d4 {Hertneck  Anand} d5 2. c4 c6 3. Nf3 Nf6 4. Nc3 a6 5. e3 b5 6. b3 Bg4 7.
h3 (7. Be2 {Anand} e6 8. Ne5) 7... Bxf3 8. Qxf3 e6 (8... bxc4 9. bxc4 e5 10.
Rb1 Qa5 (10... Nbd7 11. Bd2 Qe7 12. Be2 Qe6 $6 13. cxd5 cxd5 14. e4 $1 exd4 15.
Nxd5 Rc8 $8 16. Nxf6+ Nxf6 17. O-O Be7 18. e5 $1 Nd7 19. Qb7 Nc5 20. Qa7 h5 21.
Rb6 Qd7 22. Qxd7+ Kxd7 23. Rd1 Rc6 24. Rb4 $16 {
Chernin,A-Gavrikov,V/Tilburg/1992/}) 11. Qf5 Nbd7 12. Bd2 Bb4 13. Qc2 O-O 14.
Bd3 exd4 15. exd4 Rfe8+ 16. Ne2 Bxd2+ 17. Qxd2 Qxd2+ 18. Kxd2 c5 {
0,5/Gleizerov,E-Berezjuk,S/Katowice op (02)/1992/}) (8... e5 $5 9. dxe5 Bb4 10.
Bd2 Bxc3 11. Bxc3 Ne4 12. Bb4 bxc4 13. bxc4 Qb6 14. a3 a5 15. cxd5 (15. e6 Ra7
16. cxd5 cxd5 17. Rc1 Nc6 18. exf7+ Rxf7 19. Qg4 Nd8 20. Bc3 O-O 21. Bd4 Qd6
22. f4 Qxa3 23. Rb1 Nc6 24. Qd1 {0-1/Ovseevich,S-Komliakov,V/Nikolaev zt/1993/}
) 15... cxd5 16. Bd6 Qb2 17. Rd1 Qc3+ 18. Ke2 Nd7 19. Rxd5 Qc4+ 20. Rd3 Rc8 21.
Ke1 Qc1+ 22. Rd1 Qc3+ 23. Ke2 Rc4 24. g4 $17 {
Poluljahov,A-Moskalenko,V/Rostov op/1993/}) 9. Bd2 (9. cxd5 cxd5 10. Bd3 Nc6
$10) 9... Bb4 $1 10. Qd1 (10. a3 Bxc3 11. Bxc3 bxc4 12. bxc4 Ne4 $17) 10... O-O
11. Be2 (11. Bd3 dxc4 12. bxc4 c5 $1 $132) (11. cxd5 cxd5 12. a4 bxa4 13. Nxa4
(13. Rxa4 {Hertneck} a5 14. Bd3 {=/+=}) 13... Nc6 14. Bxb4 Nxb4 15. Be2 Qd6 $10
) 11... bxc4 12. bxc4 c5 $1 13. dxc5 $6 (13. O-O cxd4 14. Nxd5 Nxd5 15. cxd5
Bxd2 16. Qxd2 dxe3 17. Qxe3 exd5 18. Bf3 Nc6 (18... d4 $1 $15 {Hertneck}) 19.
Rad1 Ne7 20. Rfe1 Re8 21. Bxd5 Nxd5 22. Qxe8+ Qxe8 23. Rxe8+ Rxe8 24. Rxd5 $10)
(13. cxd5 cxd4 14. exd4 Bxc3 (14... Nxd5 15. Nxd5 Bxd2+ 16. Qxd2 exd5 17. O-O
$14) 15. Bxc3 Nxd5 $10) 13... d4 $1 14. exd4 (14. Na4 Qa5 $17) (14. Ne4 Nxe4
15. Bxb4 dxe3 $19) 14... Qxd4 15. Qc2 (15. Rc1 Rd8) 15... Nc6 16. O-O $6 Qe5 $1
(16... Rad8 17. Rfd1 (17. Rad1 Qe5 18. Bd3 Bxc5 $17) 17... Qe5 18. Bd3 (18. Bf3
Rxd2 $1) 18... Nd4 19. Qb2 Bxc5 $17) 17. Qa4 (17. Bd1 $1 Rad8 (17... Nd4 $15) (
17... Nd4 $15 {Anand}) 18. Be1 $17) (17. Rfe1 Rad8 (17... Nd4 {Hertneck} 18.
Qd3 Rad8 $36) 18. Bf3 (18. Rad1 Nd4 $17) 18... Nd4 $1 (18... Rxd2 19. Qxd2 Bxc3
20. Rxe5) 19. Rxe5 Nxc2 20. Rd1 Rxd2 21. Rxd2 Bxc3 $19) (17. Rae1 Rad8 18. Bf3
Nd4 19. Rxe5 Nxc2 $19) 17... Rad8 18. Be1 Nd4 19. Qxb4 (19. Bd3 Bxc3 20. Bxc3
Nf3+ 21. gxf3 Qxc3 $19) (19. Bd1 $1 Bxc5 $17 {/\ Nf5-g3}) 19... Nxe2+ 20. Nxe2
$6 (20. Kh1 Rd3 (20... Ne4 21. Nxe4 Qxa1 22. Nd6) 21. Rd1 Rxc3 22. Bxc3 Nxc3
$17) 20... Qxa1 21. Nc3 Qc1 $1 22. Qa5 Qf4 23. Qxa6 Ra8 24. Qd6 Qxc4 {/\ Rfc8-+
} 0-1

[Event "Biel Interzonal"]
[Site "Biel"]
[Date "1993.??.??"]
[Round "5"]
[White "Ivanchuk, Vassily"]
[Black "Oll, Lembit"]
[Result "1/2-1/2"]
[WhiteElo "2705"]
[BlackElo "2595"]
[Annotator "Ftacnik,L"]
[PlyCount "49"]
[EventDate "1993.07.??"]
[EventType "swiss"]
[EventRounds "13"]
[EventCountry "SUI"]
[Source "ChessBase"]
[SourceDate "1993.12.01"]

1. c4 e6 2. d4 Nf6 3. Nf3 d5 4. Nc3 c6 5. e3 Nbd7 6. Bd3 dxc4 7. Bxc4 b5 8. Bd3
b4 9. Ne4 (9. Na4) 9... c5 10. Nxf6+ (10. Qa4 $145 Bb7 11. Ne5 c4 $1 12. Ng5 (
12. Nxf6+ gxf6 13. Nxd7 Qxd7 14. Qxd7+ Kxd7 15. Bxc4 Bxg2 $10) 12... cxd3 13.
Ngxf7 Qc7 14. Nxh8 Bxg2 15. Rg1 Bd5 16. Bd2 Rc8 $13 {/\} 17. f3 Qb7 {
Prudnikova,S}) 10... gxf6 11. Be4 $5 (11. O-O) 11... Rb8 12. O-O f5 13. Bc6 Qc7
14. d5 $1 (14. Ne5 Bg7 15. Bxd7+ Bxd7 16. Nxd7 Qxd7 17. dxc5 Qxd1 18. Rxd1 O-O
$5 $44 (18... Rc8 19. Bd2 a5 $10)) 14... Bg7 15. e4 $5 fxe4 16. Re1 $5 (16. Ng5
) 16... exd5 $1 (16... O-O 17. Rxe4 exd5 18. Bxd5 {/\ Bf4+/-}) 17. Qxd5 (17.
Bxd5 Nf6 18. Bxe4 O-O $13) 17... O-O 18. Qxe4 Rb6 $1 19. Ba4 Re6 $1 20. Bf4
Rxe4 21. Bxc7 Rxe1+ 22. Rxe1 Bxb2 (22... Nb6 $6 23. Bb5 $14 (23. Bc2 Bxb2 24.
Bd6 Rd8 25. Bxc5 Bc3 26. Re7 Bf5 27. Bb3 Be6 28. h3 $14)) 23. Bd6 Rd8 24. Bc7
Rf8 25. Bd6 1/2-1/2